000 009560000a22002170004500
020 _a84-7228-529-4
041 0 _aSPA
082 0 4 _aG 173 J661c
100 1 _aJohnson, Rex
245 1 0 _aComunicación : Clave para entender a los padres / Rex Johnson ; Xavier Vila, Traductor
260 _aTerrassa, Barcelona, España : CLIE
300 _a149 Pag.
500 _aTítulo original . Communication -key to your parents
505 0 0 _atú y tus padres -- yo quiero ser -- comunicando con los otros -- reajustando tus relaciones -- los padres, problemas -- ponte los auriculares -- estaciones diferentes -- conflicto creativo constructivo -- en el puesto de los testigos -- el vestido y actividades juveniles -- los amigos -- responsabilidad
650 1 4 _aVIDA FAMILIAR \ ADOLESCENCIA \ PADRES E HIJOS
001 1289
942 _cBK
999 _c32612
_d32612
336 _atexto
_btxt
_2rdacontent
337 _2rdamedia
_asin mediación
_bn
338 _2rdacarrier
_avolumen
_bnc